000
00331nam a22001457a 4500
008
210312b ||||| |||| 00| 0 eng d
020
_a
0030581443
041
_a
eng
080
_2
2nd
_a
330.722.6
082
_2
2nd
_a
330.722.6
100
_a
61
101
_a
KF
245
_a
Elementary Accounting
_c
Reynolds,N.I
942
_2
udc
_c
BK
999
_c
56479
_d
56479